| 000 | 004970000a22001810004500 | ||
|---|---|---|---|
| 003 | LK-CoMWRAF | ||
| 005 | 20231029223753.0 | ||
| 008 | 230817t ||||| |||| 00| 0 eng d | ||
| 040 |
_aLK-CoMWRAF _dLK-CoMWRAF _eLK-CoMWRAF |
||
| 041 | _aeng | ||
| 082 |
_a823 _bARM |
||
| 100 | _aArmstrong, Amatullah | ||
| 245 |
_aThe Water of life : _bA traditional story for our time |
||
| 260 |
_aKuala Lumpur (Malaysia) : _bA.S.Noordeen, _c1994 |
||
| 300 | _a77p | ||
| 650 | _aEnglish Fiction | ||
| 942 | _cBK | ||
| 999 |
_c1497 _d1497 |
||